000 00290nam a2200133Ia 4500
100 _aGuillemin/E.A
942 _cBK
654 _acircuit
245 _aMathematics of circuit analysis
260 _bOxford
_aCalcutta
_c1967
082 _a621.3192
_bGUI
300 _a590
546 _aENGLISH
999 _c20574
_d20574